[Event "Titled Tue 20th May Late"]
[Site "chess.com INT"]
[Date "2025.05.20"]
[Round "7"]
[White "Aranda, Juan Manuel"]
[Black "Nguyen Hong Nhung"]
[Result "1-0"]
[WhiteTitle "CM"]
[BlackTitle "WFM"]
[WhiteElo "2134"]
[BlackElo "2197"]
[WhiteFideId "160458"]
[BlackFideId "12412201"]
[EventDate "2025.05.20"]

1. Nf3 c5 2. g3 Nf6 3. Bg2 g6 4. O-O Bg7 5. d3 O-O 6. e4 Nc6 7. Nc3 d5 8. exd5
Nxd5 9. Nxd5 Qxd5 10. Re1 Bg4 11. h3 Bc8 12. Ne5 Qd6 13. Nxc6 bxc6 14. Qf3 Rb8
15. c3 Rd8 16. Bf4 e5 17. Bg5 Rf8 18. Re2 Be6 19. Qxc6 Qxd3 20. Rd2 Qb5 21. Rad1
Qxc6 22. Bxc6 Bxh3 23. b3 Bg4 24. f3 Be6 25. Bd7 Bxd7 26. Rxd7 f6 27. Be3 Rfc8
28. Rxa7 Ra8 29. Rdd7 Rxa7 30. Rxa7 f5 31. Kf2 e4 32. c4 h5 33. Re7 Bf6 34. Rd7
h4 35. gxh4 Bxh4+ 36. Ke2 exf3+ 37. Kxf3 Bf6 38. Rb7 Ra8 39. a4 Rc8 40. a5 Ra8
41. Bd2 g5 42. Rb5 Be7 43. Rb7 Bd8 44. Rb5 Be7 45. Be3 f4 46. Bxc5 Bd8 47. Bb6
Kf7 48. Bxd8 Rxd8 49. a6 Kf6 50. Kg4 Rd3 51. Rf5+ Ke6 52. a7 Rg3+ 53. Kh5 Kxf5
54. Kh6 Rh3+ 55. Kg7 f3 56. a8=Q f2 57. Qf8+ Kg4 58. Qxf2 Rf3 59. Qg2+ Kf4 60.
c5 Rxb3 61. c6 g4 62. Qd2+ Re3 63. Qd6+ Kf3 64. c7 g3 65. Qf6+ Ke2 66. Qb2+ Kf1
67. Qb5+ Kf2 68. c8=Q g2 69. Qcf5+ Rf3 70. Qb2+ Kg3 71. Qbe5+ Kf2 72. Qc2+ Kg1
73. Qa1+ Kh2 74. Qh7+ Rh3 75. Qe5+ Kh1 76. Qxh3+ Kg1 77. Qe1# 1-0

[Event "Titled Tue 20th May Late"]
[Site "chess.com INT"]
[Date "2025.05.20"]
[Round "7"]
[White "Carlsson, Ludvig"]
[Black "Behzad Nazif, Parva"]
[Result "1/2-1/2"]
[WhiteTitle "IM"]
[BlackTitle "WIM"]
[WhiteElo "2374"]
[BlackElo "2090"]
[WhiteFideId "1727010"]
[BlackFideId "12563790"]
[EventDate "2025.05.20"]

1. e4 e5 2. Nf3 Nc6 3. Nc3 Nf6 4. d4 exd4 5. Nxd4 Bb4 6. Nxc6 bxc6 7. Bd3 O-O 8.
O-O d5 9. exd5 Bg4 10. f3 Bh5 11. dxc6 Qd4+ 12. Kh1 Bxc3 13. bxc3 Qxc3 14. Bf4
Qxc6 15. Qe2 a6 16. Rfe1 Rfe8 17. Qf1 Bg6 18. Bc4 Bxc2 19. Rec1 Qa4 20. Bg5 Nd7
21. Bd5 c6 22. Qc4 Qxc4 23. Bxc4 Bg6 24. Bb3 Rac8 25. Ba4 Ne5 26. Bh4 Re6 27.
Rc3 c5 28. Rac1 Nd3 29. Rd1 Rd6 30. Kg1 Rd4 31. Bc2 Rxh4 32. Bxd3 Rd4 33. Be2
Rxd1+ 34. Bxd1 f6 35. Be2 a5 36. Kf2 Kf7 37. Ra3 Ra8 38. Rc3 Rc8 39. Ra3 Ra8 40.
Rc3 Bb1 41. a3 Rc8 42. Rb3 Ba2 43. Rb2 Bd5 44. Rb5 a4 45. Bd1 Be6 46. Bxa4 c4
47. Bc2 c3 48. Rb7+ Kf8 49. a4 Rd8 50. Ke3 Rd2 51. Bxh7 Rxg2 52. Rc7 Rxh2 53.
Bd3 Ra2 54. Rxc3 Rxa4 55. f4 g5 56. fxg5 fxg5 57. Be2 Kg7 58. Rc6 Kf6 59. Rb6
Ke5 60. Rb5+ Kf6 61. Rb6 Ra3+ 62. Kf2 Ke5 63. Rb5+ Bd5 64. Bc4 Kf4 65. Bxd5 g4
66. Rb4+ Kg5 67. Bb3 Ra5 68. Kg3 Re5 69. Rxg4+ Kf5 70. Bc2+ Kf6 71. Rf4+ Kg5 72.
Ra4 Re3+ 73. Kf2 Rc3 74. Bd1 Rd3 75. Ra1 Rd2+ 76. Be2 Rc2 77. Ra5+ Kf6 78. Ke3
Rb2 79. Bd3 Rb6 80. Ra4 Re6+ 81. Kf4 Rd6 82. Be4 Re6 83. Ra8 Rd6 84. Rh8 Kg7 85.
Rh1 Rf6+ 86. Ke5 Rf2 87. Rh7+ Kf8 88. Ra7 Re2 89. Kf5 Rf2+ 90. Ke5 Re2 91. Ra6
Ke7 92. Ra7+ Kf8 1/2-1/2

[Event "Titled Tue 20th May Late"]
[Site "chess.com INT"]
[Date "2025.05.20"]
[Round "7"]
[White "Rustemov, Alexander"]
[Black "Shubenkova, Veronika"]
[Result "1-0"]
[WhiteTitle "GM"]
[BlackTitle "WFM"]
[WhiteElo "2525"]
[BlackElo "2024"]
[WhiteFideId "4119002"]
[BlackFideId "44124040"]
[EventDate "2025.05.20"]

1. Nf3 d5 2. e3 e6 3. b3 f5 4. Bb2 Nf6 5. c4 c6 6. Qc2 Bd6 7. Nc3 O-O 8. Be2 Na6
9. a3 Nc5 10. b4 Nce4 11. d3 Nxc3 12. Bxc3 Bd7 13. O-O Qe7 14. Ne5 Bxe5 15. Bxe5
Ng4 16. Bb2 e5 17. h3 Nf6 18. cxd5 Nxd5 19. Rac1 Rae8 20. Qc5 Qg5 21. Qd6 Qe7
22. Qxe7 Rxe7 23. Bf3 e4 24. dxe4 fxe4 25. Be2 a6 26. Bd4 Rd8 27. a4 Be8 28. Rb1
h6 29. Rfc1 Kf7 30. Bc4 Ke6 31. Rb2 Red7 32. b5 axb5 33. axb5 Rf7 34. Ra1 cxb5
35. Bxb5 Bxb5 36. Rxb5 Rc7 37. Rab1 Rdd7 38. g4 g6 39. Kg2 h5 40. Kg3 hxg4 41.
hxg4 Rf7 42. Kg2 Rfd7 43. R1b2 Rf7 44. Rd2 Rcd7 45. Ra5 Rd6 46. Ra8 Rdd7 47. Rg8
Ne7 48. Re8 Rh7 49. Rb2 Kf7 50. Rb8 Nc6 51. R8xb7 Ke6 52. R7b6 Rc7 53. R2b5 Rh4
54. Kg3 Rh1 55. Re5+ Kf7 56. Rxe4 Nxd4 57. Rxd4 Rg1+ 58. Kf3 Kg7 59. Rf4 Rc2 60.
Rff6 g5 61. Rg6+ Kf7 62. Rxg5 Rf1 63. Rf5+ Ke7 64. Kg2 Re1 65. Rb3 Rcc1 66. Rf4
Ke6 67. Rb6+ Ke5 68. Rb5+ Ke6 69. Kf3 Rg1 70. Rh5 Rc2 71. Ke4 Rf1 72. Rh6+ Ke7
73. Rh2 Rc4+ 74. Kf3 Rc5 75. Kg3 Rg1+ 76. Rg2 Rh1 77. Rf5 Rc4 78. Kf3 Ke6 79.
Rf4 Rh3+ 80. Rg3 Rxg3+ 81. Kxg3 1-0

[Event "Titled Tue 20th May Late"]
[Site "chess.com INT"]
[Date "2025.05.20"]
[Round "7"]
[White "Kilic, Eray"]
[Black "Schnaider, Ilan"]
[Result "1/2-1/2"]
[WhiteTitle "IM"]
[BlackTitle "IM"]
[WhiteElo "2469"]
[BlackElo "2388"]
[WhiteFideId "44517173"]
[BlackFideId "169013"]
[EventDate "2025.05.20"]

1. e4 c5 2. c3 d5 3. exd5 Qxd5 4. d4 g6 5. Nf3 Bg7 6. Be3 cxd4 7. cxd4 Nc6 8.
Nc3 Qa5 9. Bc4 Nh6 10. O-O O-O 11. d5 Nb8 12. Re1 Nf5 13. Bd2 Qc7 14. Bd3 Na6
15. Rc1 Qd8 16. Bg5 Re8 17. d6 Nxd6 18. Bxa6 bxa6 19. Nd5 f6 20. Nc7 Bg4 21.
Nxe8 Qxe8 22. Bf4 Nf7 23. h3 Bf5 24. Qb3 e5 25. Be3 Rb8 26. Qa3 Bf8 27. Qxa6
Rxb2 28. Qxa7 Qe6 29. a4 Be4 30. Nd2 Bb7 31. Rb1 Qd5 32. Nf3 Rxb1 33. Rxb1 Bc6
34. a5 f5 35. a6 f4 36. Rc1 fxe3 37. fxe3 Bh6 38. Qb6 Ba8 39. Rc8+ Kg7 40. a7
Qd1+ 41. Kh2 Qd5 42. Qb2 Bxe3 43. Qe2 Bf4+ 44. g3 Qxf3 45. Qxf3 Bxf3 46. gxf4
exf4 47. a8=Q Bxa8 48. Rxa8 g5 49. Kg2 Kg6 50. Ra6+ Kf5 51. Ra7 Kf6 52. Kf3 Ne5+
53. Ke4 Ng6 54. Rxh7 Nh4 55. Rh6+ Ng6 56. Rh7 Ne7 57. Rh8 Ng6 58. Ra8 Nh4 59.
Ra6+ Kf7 60. Rb6 Kg7 61. Rb5 Kf6 62. Ra5 Kg6 63. Ke5 Kg7 64. Ra6 Kf7 65. Ra7+
Kg6 66. Ra6+ Kf7 67. Rf6+ Kg7 68. Rc6 Kf7 69. Rb6 Kg7 70. Ke4 Kf7 71. Rb1 Kf6
72. Rg1 Kg6 73. Rc1 Kf6 74. Rc8 Kf7 75. Rh8 Kg7 76. Rd8 Kf7 77. Rd7+ Kf6 78. Rc7
Kg6 79. Ke5 Nf3+ 80. Kd5 Nh4 81. Ke6 Nf3 82. Kd5 Nh4 83. Ke4 Kf6 84. Rc6+ Kf7
85. Rb6 Kg7 86. Kd4 Kf7 87. Kd3 Kg7 88. Ke2 Kf7 89. Kf2 Kg7 90. Rb5 Kg6 91. Ra5
Kf6 92. Ra8 Kg6 93. Rg8+ Kf6 94. Ke2 Kf5 95. Rf8+ Kg6 96. Ra8 Kf6 97. Ra5 Kg6
98. Kd3 Kf6 99. Kd4 Kg6 100. Ke5 Kg7 101. Ra6 Kf7 1/2-1/2

[Event "Titled Tue 20th May Late"]
[Site "chess.com INT"]
[Date "2025.05.20"]
[Round "7"]
[White "Toncheva, Nadya"]
[Black "Fishbein, Alexander"]
[Result "1/2-1/2"]
[WhiteTitle "FM"]
[BlackTitle "GM"]
[WhiteElo "2332"]
[BlackElo "2377"]
[WhiteFideId "2924056"]
[BlackFideId "2000377"]
[EventDate "2025.05.20"]

1. e4 c5 2. Nf3 d6 3. c3 Nf6 4. Be2 g6 5. O-O Bg7 6. Bb5+ Bd7 7. Bxd7+ Qxd7 8.
Re1 O-O 9. d4 cxd4 10. cxd4 d5 11. e5 Ne4 12. Nbd2 Nc6 13. Nxe4 dxe4 14. Rxe4
Rad8 15. Bg5 f6 16. exf6 exf6 17. Qb3+ Qd5 18. Bh4 Qxb3 19. axb3 f5 20. Ree1 Rd7
21. Ne5 Bxe5 22. dxe5 Re8 23. Bf6 a6 24. f4 Kf7 25. Rad1 Rd4 26. g3 Ke6 27. Rxd4
Nxd4 28. Rd1 Nb5 29. Rd2 Rc8 30. Kg2 Rc7 31. h3 Rd7 32. Rxd7 Kxd7 33. Kf2 Nd4
34. b4 Ke6 35. g4 Nc6 36. b5 axb5 37. Ke3 Kd5 38. Bh4 Na5 39. Kd3 Nc4 40. b3 Na5
41. Kc3 Nc6 42. Kd3 h6 43. Bf2 fxg4 44. hxg4 h5 45. gxh5 gxh5 46. Bg3 Ne7 47.
Ke2 Ke4 48. Kf2 Kf5 49. Kf3 Nc6 50. Bf2 Na5 51. b4 Nc6 52. Bc5 b6 53. Bd6 Nd4+
54. Kg3 Ne6 55. Kf3 Nxf4 56. Bc7 Nd5 57. Bd6 Nf4 58. Bc7 Nd3 59. Bxb6 Nxe5+ 60.
Kg3 Nd3 61. Kh4 Kg6 62. Ba5 Kh6 63. Kh3 Kg5 64. Kg3 Kf5 65. Kh4 Kg6 66. Kh3 Ne5
67. Kh4 Nc4 68. Bc7 Nd2 69. Bf4 Nf3+ 70. Kh3 Kf5 71. Bd6 Nd4 72. Bc5 Ne6 73. Be7
Kg6 74. Bd6 Ng5+ 75. Kh4 Nf3+ 76. Kg3 Nd2 77. Kh3 Ne4 78. Be7 Kf5 79. Kh4 Kg6
80. Bf8 Nc3 81. Bc5 Nd5 82. Kh3 Nf4+ 83. Kh4 Ne6 84. Bd6 Ng5 85. Bc5 Nf7 86. Kg3
Nh6 87. Kh4 Nf5+ 88. Kh3 Kf7 89. Bf2 Ke6 90. Bc5 Kd5 91. Kg2 Ke4 92. Kh3 Kf4 93.
Bb6 Ke4 94. Bc5 Kd3 95. Bf8 Kc4 96. Bc5 Kd5 97. Bf8 Kc4 98. Bc5 Kb3 99. Bf8 Nd4
100. Kh4 Nc2 101. Kxh5 Nxb4 102. Kg4 Nc6 103. Kf3 Kc2 104. Ke2 Nd4+ 105. Ke3 Ne6
106. Be7 Kc3 107. Ke2 Kc4 108. Kd2 Nc7 109. Bf8 Nd5 110. Kc2 Nb4+ 111. Bxb4 Kxb4
112. Kb2 Kc4 113. Kc2 b4 114. Kb2 Kb5 115. Kb3 Ka5 116. Kb2 b3 117. Kxb3 1/2-1/2

[Event "Titled Tue 20th May Late"]
[Site "chess.com INT"]
[Date "2025.05.20"]
[Round "8"]
[White "Wu, Derek"]
[Black "Jedryczka, Krystian"]
[Result "0-1"]
[WhiteTitle "FM"]
[WhiteElo "2232"]
[BlackElo "2084"]
[WhiteFideId "30914558"]
[BlackFideId "1109472"]
[EventDate "2025.05.20"]

1. d4 f5 2. Nc3 d5 3. Bf4 c6 4. e3 Nf6 5. Bd3 e6 6. h3 Bd6 7. Nge2 O-O 8. g4 Ne4
9. f3 Qh4+ 10. Ng3 Nxg3 11. Bxd6 Ne4+ 0-1

[Event "Titled Tue 20th May Late"]
[Site "chess.com INT"]
[Date "2025.05.20"]
[Round "8"]
[White "Nita, Lucian"]
[Black "Perez Rojas, Jorge"]
[Result "0-1"]
[BlackTitle "FM"]
[WhiteElo "2143"]
[BlackElo "2100"]
[WhiteFideId "1206923"]
[BlackFideId "3452093"]
[EventDate "2025.05.20"]

1. e4 e6 2. d3 d5 3. Nd2 Nf6 4. Ngf3 c5 5. Be2 Nc6 6. O-O Be7 7. c3 b6 8. e5 Nd7
9. d4 Bb7 10. Nb3 O-O 11. Be3 f6 12. exf6 Rxf6 13. Rc1 c4 14. Na1 e5 15. dxe5
Ndxe5 16. Nxe5 Nxe5 17. Bg5 Rg6 18. Bxe7 Qxe7 19. Nc2 d4 20. Nxd4 Rxg2+ 21. Kh1
Qh4 0-1

[Event "Titled Tue 20th May Late"]
[Site "chess.com INT"]
[Date "2025.05.20"]
[Round "8"]
[White "Matlak, Oleksandr"]
[Black "Dmitriev, Sergey"]
[Result "1-0"]
[BlackTitle "FM"]
[WhiteElo "2235"]
[BlackElo "2312"]
[WhiteFideId "148061879"]
[BlackFideId "14101785"]
[EventDate "2025.05.20"]

1. c4 e5 2. Nc3 Nf6 3. Nf3 Nc6 4. g3 Bc5 5. Nxe5 Nxe5 6. d4 Bxd4 7. Qxd4 d6 8.
Bg2 O-O 9. O-O Nc6 10. Qh4 h6 11. b3 Ng4 12. Qxd8 Rxd8 13. Nd5 Nd4 14. Nxc7
Nxe2+ 15. Kh1 Rb8 16. Bb2 Rd7 17. Nd5 b5 18. Bf3 bxc4 19. Bxg4 1-0

[Event "Titled Tue 20th May Late"]
[Site "chess.com INT"]
[Date "2025.05.20"]
[Round "8"]
[White "Haug, Havard"]
[Black "Noy, Eyal"]
[Result "1-0"]
[WhiteTitle "FM"]
[BlackTitle "FM"]
[WhiteElo "2354"]
[BlackElo "2346"]
[WhiteFideId "1547887"]
[BlackFideId "2821117"]
[EventDate "2025.05.20"]

1. e4 c6 2. d4 d5 3. Nd2 dxe4 4. Nxe4 Nf6 5. Ng5 h6 6. Nxf7 Kxf7 7. Nf3 e6 8.
Bd3 Nbd7 9. O-O Bd6 10. Re1 Re8 11. Ne5+ Kg8 12. Qf3 Qc7 13. Qg3 Kf8 14. Bf4 Nh5
15. Nxd7+ Qxd7 16. Bxd6+ Kg8 17. Qg6 Nf6 18. Be5 Qf7 19. Bxf6 1-0

[Event "Titled Tue 20th May Late"]
[Site "chess.com INT"]
[Date "2025.05.20"]
[Round "8"]
[White "Romero Ruscalleda, Josep"]
[Black "Carlsson, Ludvig"]
[Result "1/2-1/2"]
[WhiteTitle "FM"]
[BlackTitle "IM"]
[WhiteElo "2110"]
[BlackElo "2374"]
[WhiteFideId "2231859"]
[BlackFideId "1727010"]
[EventDate "2025.05.20"]

1. e4 e5 2. Nf3 Nf6 3. Nxe5 d6 4. Nf3 Nxe4 5. Nc3 Nxc3 6. dxc3 Be7 7. Bf4 Nd7 8.
Qd2 Nc5 9. Bc4 Be6 10. Bd3 Nxd3+ 11. cxd3 O-O 12. O-O Qd7 13. d4 Rfe8 14. Rfe1
Bf8 15. h3 Bd5 16. Nh2 c6 17. Ng4 Qf5 18. Bg3 Qh5 19. Qf4 f6 20. Qxf6 Qxg4 21.
Qxf8+ Kxf8 22. hxg4 Rxe1+ 23. Rxe1 Re8 24. Bxd6+ Kf7 25. Rxe8 Kxe8 26. b3 Be4
27. f3 Bb1 28. a3 Ba2 29. b4 b5 30. Kf2 Kd7 31. Bf8 g6 32. Ke3 Ke6 33. g3 Bb3
34. Bc5 a6 35. Kf4 Bd1 36. Ke3 Bb3 37. Kf4 Bd1 38. Ke3 Bb3 1/2-1/2

[Event "Titled Tue 20th May Late"]
[Site "chess.com INT"]
[Date "2025.05.20"]
[Round "8"]
[White "Anhwere, Bernard"]
[Black "Wuebker, Paul-Luca"]
[Result "0-1"]
[WhiteTitle "CM"]
[BlackTitle "CM"]
[WhiteElo "1906"]
[BlackElo "2244"]
[WhiteFideId "12600580"]
[BlackFideId "12939528"]
[EventDate "2025.05.20"]

1. d4 Nc6 2. c4 e5 3. d5 Bb4+ 4. Bd2 Bxd2+ 5. Nxd2 Nce7 6. e4 Ng6 7. Ngf3 d6 8.
b4 a5 9. a3 f5 10. Bd3 Nf4 11. Bf1 Nf6 12. g3 fxe4 13. Nxe5 Nh3 14. Nxe4 O-O 15.
Nxf6+ Qxf6 16. Ng4 Qc3+ 0-1

[Event "Titled Tue 20th May Late"]
[Site "chess.com INT"]
[Date "2025.05.20"]
[Round "8"]
[White "Midonet, Matthieu"]
[Black "Kahre, Kim"]
[Result "1-0"]
[WhiteTitle "CM"]
[WhiteElo "2224"]
[BlackElo "2119"]
[WhiteFideId "26080575"]
[BlackFideId "518816"]
[EventDate "2025.05.20"]

1. e4 c5 2. Nf3 Nc6 3. Bb5 e6 4. O-O a6 5. Bxc6 dxc6 6. d3 Nf6 7. e5 Nd5 8. c4
Nc7 9. Re1 Be7 10. Bf4 b5 11. Nc3 Bb7 12. Ne4 h6 13. Nd6+ Bxd6 14. exd6 Nd5 15.
cxd5 cxd5 16. d4 c4 17. Ne5 Qxd6 18. Ng6 Qd7 19. Nxh8 O-O-O 20. Qg4 g5 21. Be5
f5 22. Qh5 g4 23. Qxh6 1-0

[Event "Titled Tue 20th May Late"]
[Site "chess.com INT"]
[Date "2025.05.20"]
[Round "8"]
[White "Bustelo, Tabare"]
[Black "Ugarte Soto, Cesar"]
[Result "0-1"]
[WhiteTitle "CM"]
[BlackTitle "CM"]
[WhiteElo "2043"]
[BlackElo "2088"]
[WhiteFideId "3000362"]
[BlackFideId "3601331"]
[EventDate "2025.05.20"]

1. d4 d5 2. Bg5 c6 3. Nd2 h6 4. Bh4 Qb6 5. Ngf3 Bf5 6. Qc1 Nd7 7. e3 Ngf6 8. Bd3
e6 9. Bxf5 exf5 10. Ne5 Nxe5 11. Bxf6 gxf6 12. dxe5 fxe5 13. O-O Rg8 14. c4 d4
15. Re1 O-O-O 16. a3 dxe3 17. Rxe3 Bc5 18. Re2 e4 19. b4 Bd4 20. c5 Qc7 21. Rb1
Qf4 22. Nf1 Rxg2+ 23. Kxg2 Qf3+ 24. Kg1 Qxe2 25. Qe1 Qf3 26. Qd1 Rg8+ 27. Ng3
Qxf2+ 28. Kh1 f4 29. Nxe4 Qg2# 0-1

[Event "Titled Tue 20th May Late"]
[Site "chess.com INT"]
[Date "2025.05.20"]
[Round "8"]
[White "Ismagilov, Damir"]
[Black "Pereyra, Horacio"]
[Result "1-0"]
[WhiteTitle "CM"]
[WhiteElo "2173"]
[BlackElo "2133"]
[WhiteFideId "34199982"]
[BlackFideId "113700"]
[EventDate "2025.05.20"]

1. d4 g6 2. c4 Bg7 3. e4 d6 4. Nf3 Nd7 5. Nc3 e5 6. Be2 Ne7 7. O-O Nc6 8. Be3
O-O 9. d5 Ne7 10. Ne1 f5 11. f3 Nf6 12. Nd3 f4 13. Bf2 g5 14. b4 h5 15. c5 Ng6
16. Rc1 Bd7 17. b5 b6 18. cxd6 cxd6 19. Nb4 g4 20. Nc6 Qe8 21. Kh1 Qf7 22. Bg1
Nh4 23. Qe1 Nxg2 24. Kxg2 Qg6 25. Ne7+ 1-0

[Event "Titled Tue 20th May Late"]
[Site "chess.com INT"]
[Date "2025.05.20"]
[Round "8"]
[White "Altini, Nicola"]
[Black "Schuster, Karsten"]
[Result "1-0"]
[WhiteTitle "IM"]
[BlackTitle "FM"]
[WhiteElo "2357"]
[BlackElo "2266"]
[WhiteFideId "833924"]
[BlackFideId "4611071"]
[EventDate "2025.05.20"]

1. d4 d5 2. c4 c6 3. Nf3 Nf6 4. Nc3 a6 5. g3 b5 6. b3 Bf5 7. Bg2 e6 8. Nh4 Bg6
9. Nxg6 hxg6 10. O-O Be7 11. e4 b4 12. exd5 bxc3 13. dxc6 Qc7 14. Bf4 Bd6 15.
Bxd6 Qxd6 16. c7 Nc6 17. Qf3 Kd7 18. Qxc3 Rhc8 19. Rfd1 Ke8 20. d5 exd5 21. Bxd5
Nxd5 22. Rxd5 Qxc7 23. Qxg7 Qe7 24. Qh8+ Qf8 25. Re1+ Ne7 26. Rxe7+ Kxe7 27.
Qe5# 1-0

[Event "Titled Tue 20th May Late"]
[Site "chess.com INT"]
[Date "2025.05.20"]
[Round "8"]
[White "Leenhouts, Koen"]
[Black "Saidov, Bilukhadzh"]
[Result "0-1"]
[WhiteTitle "GM"]
[BlackTitle "FM"]
[WhiteElo "2476"]
[BlackElo "2309"]
[WhiteFideId "1008439"]
[BlackFideId "34165476"]
[EventDate "2025.05.20"]

1. e4 c5 2. Nf3 Nf6 3. Nc3 d5 4. e5 Ne4 5. Nb1 c4 6. d3 cxd3 7. cxd3 Qa5+ 8.
Nbd2 Nxd2 9. Bxd2 Qb6 10. Bc3 Nc6 11. d4 Bg4 12. Be2 e6 13. O-O Bb4 14. h3 Bxf3
15. Bxf3 O-O 16. a3 Bxc3 17. bxc3 Qa5 18. Qb3 Qc7 19. Be2 Rac8 20. Rac1 Na5 21.
Qb1 Qe7 22. Qb4 Qxb4 23. axb4 Nb3 24. Rb1 Nd2 0-1

[Event "Titled Tue 20th May Late"]
[Site "chess.com INT"]
[Date "2025.05.20"]
[Round "8"]
[White "Antonio, Jorge Carlos"]
[Black "Gonzalez Vega, Alejandro"]
[Result "1-0"]
[WhiteTitle "FM"]
[BlackTitle "FM"]
[WhiteElo "2277"]
[BlackElo "2092"]
[WhiteFideId "113190"]
[BlackFideId "3510042"]
[EventDate "2025.05.20"]

1. d4 d5 2. Nf3 Nf6 3. c4 e6 4. Nc3 Bb4 5. Qa4+ Nc6 6. Ne5 O-O 7. Nxc6 bxc6 8.
Qxb4 a5 9. Qc5 a4 10. Bg5 Bd7 11. e3 h6 12. Bxf6 gxf6 13. Be2 f5 14. O-O Kh8 15.
cxd5 exd5 16. g3 Rg8 17. Bf3 Qf6 18. Kg2 f4 19. exf4 Qxf4 20. Rae1 Qf5 21. Re5
Qh3+ 22. Kg1 Rg6 23. Qe7 Be6 24. Rh5 1-0

[Event "Titled Tue 20th May Late"]
[Site "chess.com INT"]
[Date "2025.05.20"]
[Round "8"]
[White "Cori Quispe, Kevin Joel"]
[Black "Alvarado, Carlos"]
[Result "1-0"]
[WhiteTitle "GM"]
[BlackTitle "CM"]
[WhiteElo "2464"]
[BlackElo "2032"]
[WhiteFideId "3814017"]
[BlackFideId "3800555"]
[EventDate "2025.05.20"]

1. e4 c6 2. d4 d5 3. e5 Bf5 4. g4 Be4 5. f3 Bg6 6. h4 h5 7. e6 Qd6 8. exf7+ Bxf7
9. Ne2 e5 10. dxe5 Qxe5 11. Nc3 hxg4 12. fxg4 Nf6 13. Bf4 Qe6 14. Qd4 Nbd7 15.
g5 Bc5 16. Qd3 Ne4 17. Nxe4 dxe4 18. Qc3 O-O-O 19. Bh3 Qe7 20. O-O-O Bxa2 21.
Qa5 Bb6 22. Qxa2 Rxh4 23. Bxd7+ Rxd7 24. Qg8+ Rd8 25. Rxd8+ 1-0

[Event "Titled Tue 20th May Late"]
[Site "chess.com INT"]
[Date "2025.05.20"]
[Round "8"]
[White "Gurevich, Dmitry"]
[Black "Harriott, Tyrell"]
[Result "0-1"]
[WhiteTitle "GM"]
[WhiteElo "2347"]
[BlackElo "1924"]
[WhiteFideId "2000407"]
[BlackFideId "2086484"]
[EventDate "2025.05.20"]

1. d4 e6 2. c4 d5 3. Nc3 f5 4. Nf3 c6 5. Bf4 Ne7 6. e3 Ng6 7. Bg3 Be7 8. h4 O-O
9. h5 Nh8 10. Qc2 Nf7 11. Bd3 Na6 12. a3 Nc7 13. Rc1 Ne8 14. b4 Ned6 15. Nd2 Ne4
16. Bf4 Bd6 17. O-O Bxf4 18. exf4 Qh4 19. Nf3 Qxf4 20. b5 Qg4 21. bxc6 bxc6 22.
cxd5 cxd5 23. Nb5 Bd7 24. Qc7 Bxb5 25. Bxb5 Qxh5 26. Bc6 Rad8 27. Qxa7 Nfg5 28.
Ne5 Nf6 29. Rb1 Ng4 30. Nxg4 Qxg4 31. Rb7 Nf3+ 0-1

[Event "Titled Tue 20th May Late"]
[Site "chess.com INT"]
[Date "2025.05.20"]
[Round "8"]
[White "Le, Quang Liem"]
[Black "Vykouk, Jan"]
[Result "1-0"]
[WhiteTitle "GM"]
[BlackTitle "IM"]
[WhiteElo "2729"]
[BlackElo "2496"]
[WhiteFideId "12401137"]
[BlackFideId "349658"]
[EventDate "2025.05.20"]

1. Nf3 Nf6 2. c4 e6 3. Nc3 d5 4. e3 b6 5. b3 Bb7 6. Bb2 Bd6 7. Rc1 a6 8. cxd5
exd5 9. Ne2 c5 10. Ng3 O-O 11. Be2 Re8 12. O-O Nc6 13. d4 Ne4 14. dxc5 bxc5 15.
Nxe4 dxe4 16. Nd2 Ne5 17. Nc4 Nf3+ 18. Kh1 Qh4 19. Qxd6 Re6 20. Qg3 Qh5 21.
Qxg7# 1-0

[Event "Titled Tue 20th May Late"]
[Site "chess.com INT"]
[Date "2025.05.20"]
[Round "8"]
[White "Coe, William"]
[Black "Ersoz, Teoman Guney"]
[Result "0-1"]
[BlackTitle "CM"]
[WhiteElo "2078"]
[BlackElo "2090"]
[WhiteFideId "30913624"]
[BlackFideId "44537050"]
[EventDate "2025.05.20"]

1. e4 c5 2. Nf3 a6 3. d4 cxd4 4. Nxd4 Nf6 5. Bd3 Nc6 6. Be3 e5 7. Nxc6 bxc6 8.
O-O d5 9. exd5 cxd5 10. Bg5 Be7 11. c3 O-O 12. Re1 e4 13. Be2 h6 14. Be3 Rb8 15.
b3 Bd6 16. Bd4 Bf5 17. Nd2 a5 18. Nf1 Re8 19. Ne3 Be6 20. Ng4 Nxg4 21. Bxg4 f5
22. Bh5 Rf8 23. g3 f4 24. c4 Qg5 25. cxd5 fxg3 26. hxg3 Bxg3 27. dxe6 Bxf2+ 28.
Kh1 Qh4+ 29. Kg2 Qg3+ 0-1

[Event "Titled Tue 20th May Late"]
[Site "chess.com INT"]
[Date "2025.05.20"]
[Round "8"]
[White "Herrera Ortiz, Miguel"]
[Black "Shevkunov, Vladyslav"]
[Result "1-0"]
[WhiteTitle "IM"]
[WhiteElo "2174"]
[BlackElo "2073"]
[WhiteFideId "5100550"]
[BlackFideId "30953448"]
[EventDate "2025.05.20"]

1. c4 e6 2. Nf3 d5 3. g3 Nf6 4. Bg2 dxc4 5. Qa4+ Bd7 6. Qxc4 c5 7. Qc2 Bc6 8.
O-O Nbd7 9. Nc3 Be7 10. b3 O-O 11. Bb2 Rc8 12. Rad1 Qc7 13. Qb1 Rfd8 14. d4 cxd4
15. Nxd4 Bxg2 16. Kxg2 a6 17. Nf3 Nc5 18. Rxd8+ Rxd8 19. Rd1 Rd7 20. Rxd7 Qxd7
21. Qc2 h6 22. h3 Qd6 23. b4 Ncd7 24. a3 Nb6 25. Ne4 Nxe4 26. Qxe4 Qd5 27. Qg4
g6 28. Qf4 Bf8 29. Qf6 e5 30. Bxe5 1-0

[Event "Titled Tue 20th May Late"]
[Site "chess.com INT"]
[Date "2025.05.20"]
[Round "8"]
[White "Di Benedetto, Guillermo"]
[Black "Ghimoyan, Narek"]
[Result "1/2-1/2"]
[WhiteTitle "FM"]
[BlackTitle "CM"]
[WhiteElo "2289"]
[BlackElo "2273"]
[WhiteFideId "111120"]
[BlackFideId "13315412"]
[EventDate "2025.05.20"]

1. d4 Nf6 2. c4 c5 3. d5 b5 4. cxb5 a6 5. b6 g6 6. Nc3 Bg7 7. Nf3 O-O 8. Nd2 d6
9. e4 Nbd7 10. a4 Qxb6 11. Ra3 a5 12. Bb5 Qd8 13. Qe2 Rb8 14. Nc4 Ne8 15. O-O
Ne5 16. Nxe5 Bxe5 17. f4 Bd4+ 18. Be3 Bxe3+ 19. Qxe3 Bd7 20. e5 Bxb5 21. axb5
Nc7 22. Qd3 e6 23. dxe6 Nxe6 24. Qxd6 Qxd6 25. exd6 Rfd8 26. Rd1 Nd4 27. Rxa5
Rxd6 28. Kf2 Rdb6 29. Rc1 Nb3 30. Raa1 Nxc1 31. Rxc1 f5 32. Rd1 Rxb5 33. Nxb5
Rxb5 34. Rd2 Rb4 35. Rc2 Rxf4+ 36. Ke3 Rg4 37. g3 c4 38. Rd2 h5 39. Rd4 Kf7 40.
Rxg4 hxg4 41. Kd4 g5 42. Kxc4 f4 43. gxf4 gxf4 44. Kd3 Ke6 45. Ke4 g3 46. hxg3
fxg3 47. Kf3 Kd5 48. Kxg3 Kc4 49. Kf3 Kb3 50. Ke3 Kxb2 1/2-1/2